01040 a2200169 4500003000500000005001700005010001600022020001700038040000900055082001900064100002500083245006900108260005300177300002900230505057600259650003500835Nust20221207090938.0 a 76030855 a0131604082 : cNust00a621.381548,BUC1 aBuchsbaum, Walter H.10aComplete guide to digital test equipment /cWalter H. Buchsbaum. aEnglewood Cliffs, N.J. :bPrentice-Hall,cc1977. a221 p. :bill. ;c24 cm. aHow the Key Digital Circuits Work (Page-11), How Digital Displays Work (Page-35), How the Digital Multi-Meter Works (Page-51), How to get The Most from your DMM (Page-75), How The Digital Counter Works (Page-93), How to get the Most from your Counter (Page-111), How the Pulse and Word Generators Works (Page-123), How to Get The Most from your Pulse and Word Generator (Page-145), How the Frequency Synthesizer Works (Page-157), How to get The Most from your Synthesis (Page-175), How Logic Testers Work (Page-185), How to get The Most From Your Logic Tester (Page-205). 0aTelecommunication Engineering.